000 00748nam a2200205 a 4500
001 BRCA_748
005 20190320203131.0
008 940214s1988 mx-a---##b---s000-0#spa-d
020 _a9688160865
050 4 _aF1386
_b.D57 18
_c1988
100 1 _aValle-Arizpe, Artemio de
_d1888-1961
_92476
245 1 0 _aCalle vieja y calle nueva
_cArtemio de Valle-Arizpe.
260 _aMéxico
_bDepartamento del Distrito Federal : Secretaría General de Desarrollo Social : Comité Interno de Ediciones Gubernamentales
_c1988
300 _a294 p.
_bil., mapas
_c21 cm.
440 0 _aColección Distrito Federal
_v18
_92477
504 _aBibliografía: p. 251-254
650 1 4 _aCalles
_zMéxico
_92478
651 4 _aCiudad de México
_xHistoria
_9691
942 _2lcc
_cB
999 _c647
_d647